000 00936nam a22002897a 4500
003 CHAP
005 20220329140054.0
008 971013s1987 r 00010 d
010 _a46539
011 _a47511
035 _a51653
040 _cCHAP
090 _aFolleto 11283
110 _aUniversidad Autónoma de Nuevo León. Facultad de Agronomía
_9116331
245 _aCatálogo de publicaciones, 1983-1986
260 _aMarín, N.L. :
_bLa Universidad,
_c1987
300 _a4 p.
590 _aBATCH-UPD
_b10
_c20130110
_lUCH01
_h2018
590 _aBATCH-UPD
_b10
_c20130410
_lUCH01
_h1336
590 _aCONVERSION
_b10
_c20130109
_lUCH01
_h1325
650 1 4 _aAgricultura
_xBibliografia.
_91321
901 _aBK
942 _cFOLL
949 _aFolleto 11283
_bBC
_cFOLL
_d-115452
_eTS1
_i51653
_si
949 _aFolleto 11283
_bBC
_cFOLL
_d-115453
_eTS2
_fc.2
_i51653
_si
949 _aFolleto 11283
_bBC
_cFOLL
_d-115454
_eTS2
_fc.3
_i51653
_si
999 _c46539
_d46539